[Event "GER-chT Schools WK II"]
[Site "Verden an der Aller"]
[Date "2011.05.14"]
[Round "3.4"]
[White "Zhao, Kevin"]
[Black "Schlaich, Tarek"]
[Result "1-0"]
[WhiteElo "1851"]
[BlackElo "800"]
[PlyCount "39"]
[EventDate "2011.05.14"]
[EventType "team-swiss"]
[EventRounds "7"]
[EventCountry "GER"]
[SourceTitle "EXT 2022"]
[Source "ChessBase"]
[SourceDate "2021.10.06"]
[SourceVersion "1"]
[SourceVersionDate "2021.10.06"]
[SourceQuality "1"]
[WhiteTeam "Erlangen Ohm Gymn U17"]
[BlackTeam "Freiburg Deutsch Franz Gymn U17"]
[WhiteTeamCountry "GER"]
[BlackTeamCountry "GER"]

1. e4 e5 2. Nf3 Nc6 3. Bb5 Nf6 4. 0-0 Bc5 5. c3 0-0 6. d4 Bd6 7. Bg5 Re8 8. Re1 a6 9. Bc4 b5 10. Bd5 Rb8 11. Nbd2 Na5 12. b4 c6 13. dxe5 Bxe5 14. Nxe5 Rxe5 15. f4 Re8 16. bxa5 cxd5 17. e5 Kh8 18. exf6 gxf6 19. Rxe8+ Qxe8 20. Bxf6+ 1-0